[Event "Geza Fuster mem"]
[Site "Toronto CAN"]
[Date "2002.12.14"]
[Round "9"]
[White "Findlay, Ian"]
[Black "Takov, Chris"]
[Result "1-0"]
[WhiteElo "2368"]
[BlackElo "1863"]
[PlyCount "57"]
[EventDate "2002.09.14"]
[EventType "tourn"]
[EventRounds "9"]
[EventCountry "CAN"]

1. e4 g6 2. d4 Bg7 3. Nc3 d6 4. Nf3 e5 5. dxe5 dxe5 6. Qxd8+ Kxd8 7. Bc4 f6 8.
Be3 c6 9. O-O-O+ Kc7 10. Bc5 b6 11. Bd6+ Kb7 12. Rd3 Nh6 13. h3 Rd8 14. Rhd1
Na6 15. g4 Nc7 16. g5 b5 17. Bxc7 Rxd3 18. Bxd3 Nf7 19. Ba5 Bxh3 20. Rh1 Bg4
21. Rxh7 Rg8 22. gxf6 Bh6+ 23. Kb1 Bxf3 24. Rxf7+ Ka6 25. Bb4 Kb6 26. Bd6 Bf4
27. b4 Ka6 28. Bc5 Ra8 29. a4 1-0

[Event "Geza Fuster mem"]
[Site "Toronto CAN"]
[Date "2002.12.14"]
[Round "9"]
[White "Sherman, Robert"]
[Black "Veltmann, Martin"]
[Result "0-1"]
[WhiteElo "1922"]
[BlackElo "2083"]
[PlyCount "86"]
[EventDate "2002.09.14"]
[EventType "tourn"]
[EventRounds "9"]
[EventCountry "CAN"]

1. e4 c5 2. Nf3 d6 3. d4 cxd4 4. Nxd4 Nf6 5. Nc3 a6 6. Bg5 e6 7. f4 Be7 8. Qf3
Qc7 9. O-O-O Nbd7 10. g4 b5 11. Bxf6 Nxf6 12. g5 Nd7 13. f5 Nc5 14. fxe6 fxe6
15. Bh3 Bd7 16. g6 hxg6 17. Rhg1 O-O-O 18. b4 Na4 19. Nxa4 bxa4 20. Bxe6 Rxh2
21. Qd3 Kb7 22. Bd5+ Ka7 23. Rxg6 Bf6 24. Nf3 Rh3 25. c4 Qb6 26. Qe2 Rf8 27. e5
dxe5 28. Nxe5 Be8 29. Qg4 Qe3+ 30. Rd2 Rh2 31. Rxg7+ Bxg7 32. Nc6+ Kb6 33. c5+
Kc7 34. Qxg7+ Bf7 35. Bg2 Rxg2 36. Qxg2 Rg8 37. Qh2+ Kb7 38. Na5+ Kc8 39. Qd6
Rg1+ 40. Kb2 a3+ 41. Kc2 Bg6+ 42. Rd3 Bxd3+ 43. Qxd3 Rc1+ 0-1

[Event "Geza Fuster mem"]
[Site "Toronto CAN"]
[Date "2002.12.14"]
[Round "9"]
[White "Thavandiran, Shiyam"]
[Black "Laughlin, Steve"]
[Result "0-1"]
[WhiteElo "1997"]
[BlackElo "2006"]
[PlyCount "40"]
[EventDate "2002.09.14"]
[EventType "tourn"]
[EventRounds "9"]
[EventCountry "CAN"]

1. e4 e5 2. Nf3 Nc6 3. Bc4 Nf6 4. Ng5 d5 5. exd5 Nd4 6. d6 Qxd6 7. Bxf7+ Ke7 8.
Bb3 Qc6 9. O-O h6 10. Nf7 Bh3 11. gxh3 Nf3+ 12. Kh1 Ng5+ 13. f3 Nxf7 14. Qe2
Ng5 15. h4 Re8 16. hxg5 hxg5 17. d4 g4 18. dxe5 g3 19. Qc4 Rxh2+ 20. Kg1 Qb6+
0-1

[Event "Guelph ProAm int"]
[Site "Guelph CAN"]
[Date "2002.08.07"]
[Round "1"]
[White "Arencibia, Walter"]
[Black "Patterson, Roger"]
[Result "1-0"]
[WhiteElo "2534"]
[BlackElo "2225"]
[PlyCount "55"]
[EventDate "2002.08.07"]
[EventType "swiss"]
[EventRounds "9"]
[EventCountry "CAN"]

1. d4 Nf6 2. c4 e6 3. Nc3 Bb4 4. Qc2 O-O 5. a3 Bxc3+ 6. Qxc3 d5 7. Bg5 Nbd7 8.
Nf3 c6 9. e3 h6 10. Bh4 g5 11. Bg3 Ne4 12. Qc2 f5 13. Bd3 Qf6 14. Bc7 Qg7 15.
Bxe4 fxe4 16. Ne5 Nf6 17. Bd6 Rd8 18. c5 Ne8 19. h4 Bd7 20. hxg5 hxg5 21. f3
Nxd6 22. cxd6 Be8 23. fxe4 Bg6 24. d7 Bxe4 25. Qf2 Rf8 26. Qg3 Rf5 27. Ng4 Kf8
28. Qd6+ 1-0

[Event "Guelph ProAm int"]
[Site "Guelph CAN"]
[Date "2002.08.07"]
[Round "1"]
[White "Boulay, David"]
[Black "Findlay, Ian"]
[Result "0-1"]
[WhiteElo "2151"]
[BlackElo "2385"]
[PlyCount "44"]
[EventDate "2002.08.07"]
[EventType "swiss"]
[EventRounds "9"]
[EventCountry "CAN"]

1. e4 c5 2. Nf3 d6 3. Nc3 Nc6 4. d4 cxd4 5. Nxd4 g6 6. Bc4 Bg7 7. Nde2 Nf6 8.
O-O O-O 9. Bg5 a6 10. a4 Bd7 11. Qd2 Ne5 12. Bb3 Rc8 13. Bh6 Nc4 14. Bxc4 Rxc4
15. Bxg7 Kxg7 16. b3 Rc5 17. Qd4 Kg8 18. f4 Qc7 19. e5 dxe5 20. fxe5 Rxe5 21.
Rad1 Bg4 22. Qf4 Qc5+ 0-1

[Event "Guelph ProAm int"]
[Site "Guelph CAN"]
[Date "2002.08.07"]
[Round "1"]
[White "Buscar, Michael"]
[Black "Miletic, Damir"]
[Result "0-1"]
[WhiteElo "2041"]
[BlackElo "2229"]
[PlyCount "64"]
[EventDate "2002.08.07"]
[EventType "swiss"]
[EventRounds "9"]
[EventCountry "CAN"]

1. d4 f5 2. c4 e6 3. Nc3 Nf6 4. e3 Bb4 5. Bd3 O-O 6. Nf3 d6 7. O-O Bxc3 8. bxc3
c5 9. Qc2 Nc6 10. Rb1 Qe8 11. Ba3 b6 12. Nd2 Qh5 13. f3 e5 14. Nb3 Bd7 15. Bc1
Rae8 16. Be2 Qh4 17. Rd1 Bc8 18. a4 f4 19. dxc5 dxc5 20. a5 e4 21. axb6 axb6
22. exf4 exf3 23. gxf3 Nh5 24. Qd3 Rf6 25. Bf1 Rg6+ 26. Qxg6 hxg6 27. Rb2 Nxf4
28. Bxf4 Qxf4 29. Rf2 Ne5 30. Re1 Rf8 31. Nd2 Bb7 32. Bh3 Nd3 0-1

[Event "Guelph ProAm int"]
[Site "Guelph CAN"]
[Date "2002.08.07"]
[Round "1"]
[White "Cummings, David"]
[Black "Schmidt, Tom"]
[Result "1-0"]
[WhiteElo "2474"]
[BlackElo "2218"]
[PlyCount "77"]
[EventDate "2002.08.07"]
[EventType "swiss"]
[EventRounds "9"]
[EventCountry "CAN"]

1. c4 e5 2. g3 Nc6 3. Bg2 g6 4. Nc3 Bg7 5. e3 d6 6. Nge2 Nge7 7. d3 O-O 8. O-O
Be6 9. Nd5 Qd7 10. Rb1 f5 11. f4 Rae8 12. b4 Nc8 13. b5 Nd8 14. Qc2 c6 15. bxc6
bxc6 16. Ndc3 e4 17. dxe4 Bxc4 18. Rd1 fxe4 19. Nxe4 Bxe2 20. Qxe2 Qf5 21. Rb8
Nf7 22. g4 Qa5 23. Bb2 Qxa2 24. Ra1 Qxa1+ 25. Bxa1 Bxa1 26. Qa6 Bg7 27. Qxc6
Rd8 28. Rb7 Rfe8 29. Ng5 Ne7 30. Rxe7 Rxe7 31. Bd5 Bf6 32. Nxf7 Rxf7 33. Qc7
Rdf8 34. g5 Bh8 35. Qxa7 Bg7 36. Qd7 Ba1 37. Qxd6 Kg7 38. Bxf7 Rxf7 39. Qa3 1-0

[Event "Guelph ProAm int"]
[Site "Guelph CAN"]
[Date "2002.08.07"]
[Round "1"]
[White "Day, Lawrence"]
[Black "Southam, David"]
[Result "1/2-1/2"]
[WhiteElo "2433"]
[BlackElo "2200"]
[PlyCount "90"]
[EventDate "2002.08.07"]
[EventType "swiss"]
[EventRounds "9"]
[EventCountry "CAN"]

1. e4 c6 2. Nc3 d5 3. Nf3 dxe4 4. Ng5 Bf5 5. Bc4 e6 6. Ngxe4 Be7 7. Ng3 Bg6 8.
d4 Nd7 9. O-O Qc7 10. Bb3 h5 11. Re1 h4 12. Nge4 Rh5 13. Qf3 Rf5 14. Qe2 O-O-O
15. Be3 Nb6 16. Rad1 Nd5 17. Bc1 Nf4 18. Bxf4 Qxf4 19. Qe3 Qxe3 20. fxe3 Rh5
21. Nf2 Nf6 22. Ne2 e5 23. c3 Kc7 24. Nd3 Ng4 25. Nxe5 Nxe5 26. dxe5 Rxd1 27.
Rxd1 Rxe5 28. Kf2 Bh5 29. Rd2 Rf5+ 30. Ke1 Bg5 31. Rd4 Bxe3 32. Re4 Bc5 33. Nf4
Bg6 34. Nxg6 fxg6 35. Re2 Bd6 36. h3 a5 37. Bc2 Rf6 38. Be4 a4 39. Bf3 b5 40.
Kd1 Kb6 41. Re8 g5 42. Re4 Bf4 43. Kc2 Rd6 44. Re2 Kc5 45. Bg4 Kb6 1/2-1/2

[Event "Guelph ProAm int"]
[Site "Guelph CAN"]
[Date "2002.08.07"]
[Round "1"]
[White "Degraeve, Jean Marc"]
[Black "Zubac, Marius"]
[Result "1-0"]
[WhiteElo "2635"]
[BlackElo "2242"]
[PlyCount "89"]
[EventDate "2002.08.07"]
[EventType "swiss"]
[EventRounds "9"]
[EventCountry "CAN"]

1. e4 c5 2. Nf3 Nc6 3. Bb5 g6 4. Bxc6 dxc6 5. d3 Bg7 6. h3 e5 7. Be3 b6 8. Nc3
a5 9. Qd2 a4 10. O-O h6 11. b3 a3 12. Rae1 g5 13. Ne2 Ne7 14. Ng3 f6 15. Nh5
O-O 16. Rd1 Qe8 17. Nxg7 Kxg7 18. b4 Qh5 19. Nh2 Ng6 20. bxc5 bxc5 21. Bxc5 Nf4
22. Bxf8+ Kxf8 23. f3 c5 24. Rb1 Be6 25. Rb6 Kf7 26. Ng4 Ra4 27. Rfb1 Qh4 28.
R1b3 Ra7 29. Rb7+ Rxb7 30. Rxb7+ Kg6 31. Qf2 Bxa2 32. Ra7 Bb1 33. Ne3 a2 34.
Nf5 Qxf2+ 35. Kxf2 Ne6 36. Ke3 c4 37. dxc4 Bxc2 38. Rxa2 Bb3 39. Ra7 Bxc4 40.
g4 h5 41. Rc7 hxg4 42. hxg4 Ba2 43. Kd2 Bb3 44. Kc3 Ba2 45. Kb4 1-0

[Event "Guelph ProAm int"]
[Site "Guelph CAN"]
[Date "2002.08.07"]
[Round "1"]
[White "Dougherty, Michael"]
[Black "Saint Amand, Paul"]
[Result "1/2-1/2"]
[WhiteElo "2404"]
[BlackElo "2149"]
[PlyCount "56"]
[EventDate "2002.08.07"]
[EventType "swiss"]
[EventRounds "9"]
[EventCountry "CAN"]

1. Nf3 c5 2. e4 d6 3. Nc3 Nf6 4. d4 cxd4 5. Nxd4 a6 6. f4 Qc7 7. Bd3 g6 8. O-O
Bg7 9. Kh1 O-O 10. Qe1 Nbd7 11. Nf3 e5 12. Qh4 b5 13. fxe5 dxe5 14. Bh6 b4 15.
Bxg7 Kxg7 16. Nd5 Nxd5 17. exd5 f6 18. Qxb4 Rb8 19. Qh4 Rxb2 20. Rad1 Rb6 21.
Nd2 Nc5 22. Nc4 Rb4 23. d6 Qd8 24. Qe1 Nxd3 25. cxd3 Rb5 26. a4 Rd5 27. Qb4 a5
28. Qb8 Be6 1/2-1/2

[Event "Guelph ProAm int"]
[Site "Guelph CAN"]
[Date "2002.08.07"]
[Round "1"]
[White "Erickson, John"]
[Black "Rivas, Edgar"]
[Result "0-1"]
[WhiteElo "1932"]
[BlackElo "1802"]
[PlyCount "62"]
[EventDate "2002.08.07"]
[EventType "swiss"]
[EventRounds "9"]
[EventCountry "CAN"]

1. d4 d5 2. Nf3 Nf6 3. g3 Nc6 4. Bg2 Bg4 5. O-O Qc8 6. Nc3 h6 7. Re1 Bh3 8. e4
Bxg2 9. Kxg2 dxe4 10. Nxe4 Nxe4 11. Rxe4 e6 12. d5 Nd8 13. dxe6 Nxe6 14. Nd4
Qd7 15. Be3 O-O-O 16. Qe2 Qd5 17. f3 Nc5 18. Rf4 g6 19. Nb5 Bg7 20. Bxc5 Qxc5
21. Rc4 Rd2 22. Qxd2 Qxc4 23. a4 Re8 24. Re1 Rxe1 25. Qxe1 Qxc2+ 26. Kh1 Kd8
27. a5 Qd3 28. Kg2 Qxb5 29. b4 Qe5 30. Qd1+ Qd4 31. Qa4 Qd2+ 0-1

[Event "Guelph ProAm int"]
[Site "Guelph CAN"]
[Date "2002.08.07"]
[Round "1"]
[White "Garcia, Alvaro"]
[Black "Rubanovski, Vladimir"]
[Result "1-0"]
[WhiteElo "2266"]
[BlackElo "2020"]
[PlyCount "68"]
[EventDate "2002.08.07"]
[EventType "swiss"]
[EventRounds "9"]
[EventCountry "CAN"]

1. d4 d5 2. c4 e6 3. Nf3 Nf6 4. Bg5 Be7 5. e3 O-O 6. Nc3 Nbd7 7. Rc1 c6 8. Bd3
dxc4 9. Bxc4 b5 10. Bd3 a6 11. O-O c5 12. Bb1 cxd4 13. exd4 Bb7 14. Qe2 Nb6 15.
a3 Bd5 16. Nxd5 Nbxd5 17. Ne5 Bd6 18. Rc6 Ra7 19. Rfc1 Qb8 20. g3 Rc7 21. Rxc7
Bxc7 22. Nc6 Qb7 23. Qf3 Bb6 24. Ba2 h6 25. Bxf6 Nxf6 26. d5 exd5 27. Bxd5 Nxd5
28. Qxd5 Rd8 29. Qe4 Qa8 30. Re1 Rf8 31. Qd5 Bd8 32. b3 Bf6 33. a4 bxa4 34.
bxa4 Qb7 1-0

[Event "Guelph ProAm int"]
[Site "Guelph CAN"]
[Date "2002.08.07"]
[Round "1"]
[White "Hamilton, Robert"]
[Black "Kret, Ted"]
[Result "1-0"]
[WhiteElo "2370"]
[BlackElo "2149"]
[PlyCount "77"]
[EventDate "2002.08.07"]
[EventType "swiss"]
[EventRounds "9"]
[EventCountry "CAN"]

1. d4 Nf6 2. c4 g6 3. Nc3 Bg7 4. e4 O-O 5. f3 a5 6. Be3 d6 7. Bd3 e5 8. Nge2
exd4 9. Nxd4 c6 10. O-O Re8 11. Bf2 Nbd7 12. Re1 Nh5 13. Qd2 Ne5 14. Bf1 a4 15.
b3 Bd7 16. Nxa4 c5 17. Nb5 Bxb5 18. cxb5 Nxf3+ 19. gxf3 Bxa1 20. Rxa1 Qf6 21.
Qc3 Re5 22. Kh1 Rae8 23. Nb6 Qg5 24. Nd5 f5 25. f4 Nxf4 26. Nxf4 Qxf4 27. Bg3
Qxe4+ 28. Bg2 Qd4 29. Qxd4 cxd4 30. Bxe5 dxe5 31. Bxb7 d3 32. Bc6 Rd8 33. Kg2
e4 34. a4 d2 35. Rd1 e3 36. Kf3 Rd3 37. Ke2 Rc3 38. Bd5+ Kg7 39. b6 1-0

[Event "Guelph ProAm int"]
[Site "Guelph CAN"]
[Date "2002.08.07"]
[Round "1"]
[White "Jung, Hans"]
[Black "Brice, Ron"]
[Result "1-0"]
[WhiteElo "2270"]
[BlackElo "2070"]
[PlyCount "73"]
[EventDate "2002.08.07"]
[EventType "swiss"]
[EventRounds "9"]
[EventCountry "CAN"]

1. Nc3 c5 2. e4 Nc6 3. g3 g6 4. Bg2 Bg7 5. Nge2 e5 6. d3 d6 7. Nd5 Bg4 8. h3
Bxe2 9. Qxe2 Nd4 10. Qd1 Ne6 11. O-O Ne7 12. f4 Nxd5 13. exd5 Nd4 14. g4 O-O
15. c3 Nb5 16. f5 g5 17. f6 Bxf6 18. Be4 Kg7 19. Qf3 h6 20. Qf5 Rh8 21. h4 Qe7
22. Be3 gxh4 23. Qh5 Raf8 24. Rf5 Nc7 25. Raf1 Ne8 26. g5 hxg5 27. Qg4 Rfg8 28.
Kh1 Kf8 29. Rg1 Ng7 30. Rxf6 Qxf6 31. Bxg5 Qf2 32. Qd7 Nf5 33. Qd8+ Kg7 34.
Qf6+ Kf8 35. Bxf5 Qf3+ 36. Kh2 Rxg5 37. Qxd6+ 1-0

[Event "Guelph ProAm int"]
[Site "Guelph CAN"]
[Date "2002.08.07"]
[Round "1"]
[White "Kagramanov, Dina"]
[Black "Divljan, Igor"]
[Result "0-1"]
[WhiteElo "2057"]
[BlackElo "2271"]
[PlyCount "66"]
[EventDate "2002.08.07"]
[EventType "swiss"]
[EventRounds "9"]
[EventCountry "CAN"]

1. e4 c5 2. Nf3 e6 3. c3 Nf6 4. e5 Nd5 5. Bc4 Nb6 6. Bb3 Nc6 7. d4 cxd4 8. cxd4
d6 9. O-O dxe5 10. dxe5 Qxd1 11. Rxd1 Bd7 12. Nc3 Na5 13. Bc2 Rc8 14. Be4 Bc6
15. Rb1 Bb4 16. Bxc6+ Nxc6 17. Nb5 a6 18. Nbd4 O-O 19. a3 Be7 20. Nxc6 Rxc6 21.
Bg5 Bxg5 22. Nxg5 Rc2 23. Nf3 Nc4 24. Rbc1 Rxc1 25. Rxc1 Nxb2 26. Rc7 Rb8 27.
Ng5 b5 28. Nxf7 Nc4 29. Ng5 Nxa3 30. Nxe6 b4 31. Rxg7+ Kh8 32. Rg3 b3 33. Ng5
h6 0-1

[Event "Guelph ProAm int"]
[Site "Guelph CAN"]
[Date "2002.08.07"]
[Round "1"]
[White "Krnan, Tomas"]
[Black "Milicevic, Goran"]
[Result "1/2-1/2"]
[WhiteElo "2165"]
[BlackElo "2414"]
[PlyCount "107"]
[EventDate "2002.08.07"]
[EventType "swiss"]
[EventRounds "9"]
[EventCountry "CAN"]

1. e4 e6 2. d3 d5 3. Nd2 c5 4. Ngf3 Nc6 5. g3 Bd6 6. Bg2 Nge7 7. O-O O-O 8. Re1
Qc7 9. Qe2 f6 10. h4 d4 11. Nc4 e5 12. Nfd2 Be6 13. a4 Nb4 14. Nb3 b6 15. f4 a6
16. f5 Bf7 17. g4 b5 18. axb5 axb5 19. Rxa8 Rxa8 20. Na3 Qb6 21. g5 Kf8 22. Kh1
Nxd3 23. Qxd3 c4 24. Qg3 cxb3 25. cxb3 Ke8 26. Bf1 Bxa3 27. bxa3 Qc6 28. Qd3
Rb8 29. gxf6 gxf6 30. Bd2 Nxf5 31. Bh3 Nd6 32. Bg2 Be6 33. Rf1 Ke7 34. Bb4 Rf8
35. Rf2 Rg8 36. Rc2 Qb7 37. Qd2 Kd7 38. Bxd6 Kxd6 39. Qb4+ Kd7 40. Rc5 Rb8 41.
Kh2 Ke8 42. Qd2 Qg7 43. Qa5 Qb7 44. Qd2 b4 45. Qh6 Qe7 46. axb4 Rxb4 47. Ra5
Rb8 48. b4 d3 49. Bf3 Rd8 50. Bh5+ Bf7 51. Qxh7 Bxh5 52. Qg8+ Qf8 53. Qe6+ Qe7
54. Qg8+ 1/2-1/2

[Event "Guelph ProAm int"]
[Site "Guelph CAN"]
[Date "2002.08.07"]
[Round "1"]
[White "Meng, Ang"]
[Black "Fedorowicz, John"]
[Result "0-1"]
[WhiteElo "2228"]
[BlackElo "2545"]
[PlyCount "66"]
[EventDate "2002.08.07"]
[EventType "swiss"]
[EventRounds "9"]
[EventCountry "CAN"]

1. e4 c5 2. f4 Nc6 3. Nf3 e6 4. d3 d5 5. Nbd2 Nf6 6. g3 Ng4 7. Qe2 Nb4 8. Nb3
dxe4 9. dxe4 b6 10. Ne5 Nxe5 11. fxe5 Be7 12. a3 Nc6 13. Bd2 O-O 14. O-O-O Qc7
15. Bf4 Nxe5 16. h4 c4 17. Nd4 c3 18. b4 a5 19. Nb5 Qb8 20. Nxc3 axb4 21. axb4
Bf6 22. Kd2 Qd6+ 23. Ke1 Qxb4 24. Bd2 Qc4 25. Qf2 Qc7 26. Be2 Rd8 27. Qe3 Ba6
28. Rh2 Bxe2 29. Qxe2 Nc4 30. Nb1 Qxg3+ 31. Qf2 Qxf2+ 32. Kxf2 Ra1 33. Ke1 h5
0-1

[Event "Guelph ProAm int"]
[Site "Guelph CAN"]
[Date "2002.08.07"]
[Round "1"]
[White "Peredun, Andrew"]
[Black "Egorov, Mikhail"]
[Result "1-0"]
[WhiteElo "2286"]
[BlackElo "2092"]
[PlyCount "65"]
[EventDate "2002.08.07"]
[EventType "swiss"]
[EventRounds "9"]
[EventCountry "CAN"]

1. e4 c5 2. Nf3 Nc6 3. Bb5 e6 4. O-O Nge7 5. b3 a6 6. Bxc6 Nxc6 7. Bb2 d6 8. d4
cxd4 9. Nxd4 Nxd4 10. Qxd4 e5 11. Qd3 Be7 12. f4 O-O 13. Nc3 exf4 14. Nd5 Bg5
15. Qd4 f6 16. Nb6 Rb8 17. Ba3 Bg4 18. Bxd6 Re8 19. Qc5 Re6 20. Bxb8 Qxb8 21.
Nc4 Rc6 22. Qd4 Be2 23. Rf2 Bxc4 24. bxc4 Qc7 25. Rb1 h5 26. Qd5+ Kh7 27. Re2
Kh6 28. e5 Rc5 29. Rxb7 Rxd5 30. Rxc7 Rd1+ 31. Kf2 fxe5 32. Rc6+ Kh7 33. Rxe5
1-0

[Event "Guelph ProAm int"]
[Site "Guelph CAN"]
[Date "2002.08.07"]
[Round "1"]
[White "Predescu, Sebastian"]
[Black "Urquhart, Eddie"]
[Result "1-0"]
[WhiteElo "2113"]
[BlackElo "2288"]
[PlyCount "120"]
[EventDate "2002.08.07"]
[EventType "swiss"]
[EventRounds "9"]
[EventCountry "CAN"]

1. e4 c6 2. d4 d5 3. e5 Bf5 4. Nc3 e6 5. g4 Bg6 6. Nge2 h6 7. h4 Nd7 8. h5 Bh7
9. Ng3 c5 10. Be3 Ne7 11. f4 cxd4 12. Bxd4 Nc6 13. Bf2 a6 14. Bd3 Bxd3 15. Qxd3
Be7 16. Nce2 Nc5 17. Qd2 Qc7 18. c3 b5 19. Bxc5 Bxc5 20. Nd4 Rc8 21. Nge2 Qb6
22. b4 Be7 23. Nxc6 Qxc6 24. O-O Bd8 25. Rac1 Qc4 26. Nd4 Rg8 27. Kh1 Be7 28.
Qf2 Qd3 29. Qf3 Qxf3+ 30. Nxf3 Rc4 31. Nd4 Kd7 32. Ne2 Rgc8 33. Kg2 Bd8 34.
Rfd1 Bb6 35. Kf3 Ke7 36. a3 Ba7 37. Ra1 a5 38. bxa5 Ra4 39. Rab1 Rxa5 40. Rb3
Bc5 41. Rdb1 Rc7 42. Nd4 Bxd4 43. cxd4 Kd7 44. Ke3 Rb7 45. Rc1 Rc7 46. Rxc7+
Kxc7 47. Rc3+ Kb7 48. Rb3 Kb6 49. Kd3 Ra4 50. Rc3 Ra8 51. Ke3 f6 52. f5 fxe5
53. dxe5 Ra4 54. Kf3 d4 55. Rd3 Kc5 56. Ke4 Ra6 57. f6 Ra7 58. Rxd4 Rf7 59. Rd6
gxf6 60. Rxe6 fxe5 1-0

[Event "Guelph ProAm int"]
[Site "Guelph CAN"]
[Date "2002.08.07"]
[Round "1"]
[White "Raheb, David"]
[Black "Legky, Nikolay"]
[Result "0-1"]
[WhiteElo "2219"]
[BlackElo "2488"]
[PlyCount "60"]
[EventDate "2002.08.07"]
[EventType "swiss"]
[EventRounds "9"]
[EventCountry "CAN"]

1. e4 e6 2. d4 d5 3. Nd2 dxe4 4. Nxe4 Nd7 5. Nf3 Ngf6 6. Bg5 h6 7. Bh4 c5 8.
Nxf6+ Nxf6 9. Bb5+ Bd7 10. Bxd7+ Qxd7 11. O-O cxd4 12. Nxd4 Bc5 13. Nb3 Qxd1
14. Raxd1 Bb6 15. c4 Rc8 16. Bxf6 gxf6 17. Rc1 Ke7 18. c5 Bc7 19. Nd4 Rhd8 20.
Nb5 a6 21. Nxc7 Rxc7 22. b4 a5 23. a3 Rd3 24. bxa5 Rxa3 25. Rc4 Rxa5 26. Rb1 b6
27. g3 Raxc5 28. Rcb4 Rc1+ 29. Rxc1 Rxc1+ 30. Kg2 Rc6 0-1

[Event "Guelph ProAm int"]
[Site "Guelph CAN"]
[Date "2002.08.07"]
[Round "1"]
[White "Rodina, Nataliya"]
[Black "Hacatoglu, Kevork"]
[Result "0-1"]
[WhiteElo "1879"]
[BlackElo "2245"]
[PlyCount "84"]
[EventDate "2002.08.07"]
[EventType "swiss"]
[EventRounds "9"]
[EventCountry "CAN"]

1. e4 e6 2. d4 d5 3. Nc3 Bb4 4. Nge2 Nc6 5. e5 f6 6. exf6 Qxf6 7. Be3 Nge7 8.
a3 Ba5 9. b4 Bb6 10. Na4 O-O 11. Nxb6 axb6 12. f3 Nf5 13. Bf2 e5 14. b5 Ncxd4
15. Nxd4 exd4 16. Be2 Ne3 17. Bxe3 dxe3 18. O-O Be6 19. Qd3 d4 20. Rfd1 Rad8
21. Rac1 c5 22. bxc6 bxc6 23. c3 c5 24. cxd4 cxd4 25. Rc6 Qf7 26. Rxb6 Bf5 27.
Qb5 Kh8 28. Rb7 Qe6 29. Qb2 Qf6 30. Rb6 Qe5 31. Rb5 Qd6 32. Rb6 Qd5 33. Rb5 Qd7
34. Rb7 Qc6 35. Rc1 Qf6 36. Rb6 Rd6 37. Rxd6 Qxd6 38. Rd1 d3 39. Bxd3 Bxd3 40.
Qc3 e2 41. Rxd3 Qxd3 42. Qxd3 e1=Q+ 0-1

[Event "Guelph ProAm int"]
[Site "Guelph CAN"]
[Date "2002.08.07"]
[Round "1"]
[White "Rolfe, Warrick"]
[Black "Tyomkin, Dimitri"]
[Result "0-1"]
[WhiteElo "2221"]
[BlackElo "2519"]
[PlyCount "64"]
[EventDate "2002.08.07"]
[EventType "swiss"]
[EventRounds "9"]
[EventCountry "CAN"]

1. e4 c5 2. Nf3 d6 3. d4 cxd4 4. Nxd4 Nf6 5. Nc3 Nc6 6. Bc4 Qb6 7. Nb3 e6 8.
O-O Be7 9. Be3 Qc7 10. Qe2 O-O 11. f4 a6 12. a4 b6 13. Rae1 Re8 14. Kh1 Bb7 15.
Nd4 Nb4 16. Bxe6 fxe6 17. Nxe6 Qd7 18. f5 Rac8 19. Bxb6 Nc6 20. Rf3 Bf8 21. Rg3
Ne5 22. Bd4 Rxe6 23. fxe6 Qxe6 24. Bxe5 dxe5 25. Rd3 Bb4 26. Red1 Bxc3 27. Rd8+
Rxd8 28. Rxd8+ Kf7 29. bxc3 Bxe4 30. Qf2 Qc6 31. Qa7+ Kg6 32. Rf8 Qxc3 0-1

[Event "Guelph ProAm int"]
[Site "Guelph CAN"]
[Date "2002.08.07"]
[Round "1"]
[White "Wight, Keith"]
[Black "Ochkoos, Jura"]
[Result "0-1"]
[WhiteElo "2147"]
[BlackElo "2341"]
[PlyCount "124"]
[EventDate "2002.08.07"]
[EventType "swiss"]
[EventRounds "9"]
[EventCountry "CAN"]

1. e4 e5 2. f4 exf4 3. Nf3 h6 4. d4 g5 5. h4 Bg7 6. Bc4 d6 7. Nc3 Nc6 8. Nd5
Nce7 9. c3 Nxd5 10. exd5 g4 11. Ng1 f3 12. gxf3 Nf6 13. Qe2+ Qe7 14. Bb5+ Bd7
15. Bxd7+ Kxd7 16. Qxe7+ Kxe7 17. h5 Nxd5 18. fxg4 Kd7 19. Nf3 Rae8+ 20. Kf2
Nf6 21. Rg1 Re4 22. g5 hxg5 23. Nxg5 Re7 24. Nf3 Ne4+ 25. Kf1 Bf8 26. Ng5 Rxh5
27. Bf4 f6 28. Nf3 Rf5 29. Rg4 Bh6 30. Bxh6 Rxf3+ 31. Kg1 d5 32. Rf1 Rh3 33.
Bf4 Rh5 34. Kg2 c6 35. Rg6 Reh7 36. Kf3 Ke6 37. Ke2 Rf5 38. Bb8 Rh8 39. Bc7
Rxf1 40. Kxf1 Kf7 41. Rg2 Rh7 42. Ke2 Ke6 43. Bb8 a6 44. a3 b5 45. Bh2 a5 46.
Bb8 b4 47. axb4 axb4 48. c4 dxc4 49. Ke3 Kd5 50. Rg8 Rh3+ 51. Kf4 c3 52. bxc3
Nxc3 53. Rd8+ Kc4 54. Rc8 Kb5 55. Bd6 Nd5+ 56. Kg4 Rc3 57. Kf5 b3 58. Ba3 Rc2
59. Rb8+ Kc4 60. Ke6 Ra2 61. Bc1 Kc3 62. Rc8 Ra6 0-1

[Event "Guelph ProAm int"]
[Site "Guelph CAN"]
[Date "2002.08.08"]
[Round "2"]
[White "Brice, Ron"]
[Black "Boulay, David"]
[Result "1-0"]
[WhiteElo "2070"]
[BlackElo "2151"]
[PlyCount "121"]
[EventDate "2002.08.07"]
[EventType "swiss"]
[EventRounds "9"]
[EventCountry "CAN"]

1. c4 Nf6 2. g3 e6 3. b3 d5 4. Bb2 Be7 5. Nf3 O-O 6. Bg2 a5 7. O-O Nbd7 8. d4
c6 9. Nbd2 Qc7 10. a3 b5 11. cxb5 cxb5 12. Rc1 Qb8 13. Rc2 a4 14. b4 Bb7 15.
Qc1 Bd6 16. Nb1 Ra6 17. Nc3 Ba8 18. Rd1 Rc8 19. Nxd5 Rxc2 20. Nxf6+ Nxf6 21.
Qxc2 Be4 22. Qd2 Qb7 23. Rc1 h6 24. Ne1 Bd5 25. Bxd5 Qxd5 26. Rc8+ Kh7 27. Qc2+
g6 28. f3 Ra8 29. Rxa8 Qxa8 30. e4 Nd7 31. Nd3 Nb6 32. Bc1 Nc4 33. Qc3 Qa7 34.
Kg2 Qc7 35. Kf2 Qa7 36. Ke2 h5 37. Nb2 Qa6 38. Nxc4 bxc4 39. Bb2 Qb5 40. Kf2 f6
41. f4 h4 42. d5 hxg3+ 43. hxg3 e5 44. Qe3 Qb7 45. fxe5 fxe5 46. Bc1 Kg8 47.
Qg5 Qf7+ 48. Kg2 Bc7 49. Be3 Kg7 50. Bc5 Qd7 51. Qe7+ Qxe7 52. Bxe7 Kf7 53. Bc5
c3 54. Be3 Bd6 55. Bc1 Bc7 56. Kf3 Bb6 57. Ke2 Bd4 58. Kd3 Kf6 59. g4 Ke7 60.
Bg5+ Kd7 61. Bh4 1-0

[Event "Guelph ProAm int"]
[Site "Guelph CAN"]
[Date "2002.08.08"]
[Round "2"]
[White "Divljan, Igor"]
[Black "Arencibia, Walter"]
[Result "0-1"]
[WhiteElo "2271"]
[BlackElo "2534"]
[PlyCount "46"]
[EventDate "2002.08.07"]
[EventType "swiss"]
[EventRounds "9"]
[EventCountry "CAN"]

1. d4 Nf6 2. c4 g6 3. Nc3 Bg7 4. e4 d6 5. Nf3 O-O 6. h3 e5 7. d5 a5 8. g4 Na6
9. Be3 Nd7 10. Nd2 Ndc5 11. h4 f5 12. gxf5 gxf5 13. f3 Qf6 14. Be2 Kh8 15. Nf1
Bh6 16. Qd2 Bxe3 17. Qxe3 f4 18. Qf2 Bd7 19. O-O-O Rg8 20. Nh2 Rg3 21. Rdg1
Rgg8 22. Ng4 Bxg4 23. fxg4 Rg6 0-1

[Event "Guelph ProAm int"]
[Site "Guelph CAN"]
[Date "2002.08.08"]
[Round "2"]
[White "Egorov, Mikhail"]
[Black "Demmery, Steve"]
[Result "1/2-1/2"]
[WhiteElo "2092"]
[BlackElo "2160"]
[PlyCount "94"]
[EventDate "2002.08.07"]
[EventType "swiss"]
[EventRounds "9"]
[EventCountry "CAN"]

1. Nf3 d5 2. d4 Bf5 3. g3 e6 4. Bg2 Nd7 5. c4 c6 6. O-O Ngf6 7. b3 Be7 8. Bb2
Ne4 9. Nfd2 Ndf6 10. Nxe4 Nxe4 11. Nd2 Nxd2 12. Qxd2 h5 13. f3 O-O 14. e4 Bg6
15. e5 a5 16. f4 Bf5 17. a3 Qb6 18. Qc3 Rfd8 19. c5 Qc7 20. Rfc1 Rdc8 21. b4 b5
22. Qb3 Qb7 23. Bc3 Bd8 24. Qb2 Ra7 25. Bf3 g6 26. Rd1 Qe7 27. Qd2 Rca8 28. Kg2
axb4 29. axb4 Ra3 30. Qb2 Qa7 31. Rxa3 Qxa3 32. Ra1 Qxa1 33. Qxa1 Rxa1 34. Bxa1
Bd3 35. Bc3 Kg7 36. h3 Kh6 37. Bd2 Kg7 38. Be3 Be7 39. g4 hxg4 40. hxg4 Bh4 41.
Bf2 Bxf2 42. Kxf2 Kh6 43. Be2 Bxe2 44. Kxe2 Kg7 45. Kf3 Kh7 46. Kg3 Kg7 47. Kh4
Kh6 1/2-1/2